|
|
|
|
| LEADER |
01584nam a22002777a 4500 |
| 001 |
32477 |
| 003 |
BD-DhAAL |
| 005 |
20250202163451.0 |
| 008 |
171130t1998 bg a|||| |||| 00| 0 eng d |
| 040 |
|
|
|a BD-DhAAL
|c BD-DhAAL
|
| 082 |
|
|
|2 22
|a 306.095492
|
| 245 |
|
|
|a Research reports
|f (1998)
|p Social studies.
|n Volume XVIII.
|
| 264 |
|
|
|a Dhaka :
|b Research and Evaluation Division, BRAC,
|c 1998
|
| 300 |
|
|
|a 346 pages :
|b illustrations ;
|c 30 cm.
|
| 362 |
|
|
|a Vol. 18
|
| 504 |
|
|
|a Includes bibliographical references.
|
| 541 |
|
|
|a Complimentary copy from Research and Evaluation Division (RED), BRAC
|e 32477, 42840, 44030
|
| 610 |
|
|
|a BRAC.
|9 14405
|
| 651 |
|
|
|a Bangladesh
|x Social condition.
|9 24143
|
| 710 |
|
|
|a BRAC.
|9 14405
|b Research and Evaluation Division.
|
| 852 |
|
|
|a Ayesha Abed Library
|c BRAC Resource Section
|
| 942 |
|
|
|2 ddc
|c BK
|
| 999 |
|
|
|c 38786
|d 38786
|
| 952 |
|
|
|0 0
|1 0
|2 ddc
|4 0
|6 306_095492000000000_RES
|7 1
|8 RPT
|9 62245
|a BRACUL
|b BRACUL
|c BRS
|d 2024-08-01
|e BRAC
|l 0
|o 306.095492 RES
|p 3010032477
|r 2017-12-10
|t 1
|w 2017-12-10
|y BK
|x BRAC ; price not available in register
|
| 952 |
|
|
|0 0
|1 0
|2 ddc
|4 0
|6 306_095492000000000_RES
|7 1
|8 RPT
|9 75945
|a BRACUL
|b BRACUL
|c BRS
|d 2024-08-01
|e Complementary copy from BRAC
|l 0
|o 306.095492 RES
|p 3010042840
|r 2024-08-01
|t 2
|w 2024-08-01
|y BK
|x Complementary copy from BRAC
|
| 952 |
|
|
|0 0
|1 0
|2 ddc
|4 0
|6 306_095492000000000_RES
|7 1
|8 RPT
|9 77229
|a SCL
|b SCL
|c BRS
|d 2024-08-01
|e Complimentary copy from Research and Evaluation Division (RED), BRAC
|l 0
|o 306.095492 RES
|p 3020044030
|r 2025-01-30
|t 3
|w 2025-01-30
|y BK
|x Complimentary copy from Research and Evaluation Division (RED), BRAC
|